Music Quiz

Random Music or Football Quiz

Take That Singles Quiz Stats

Quiz not verified by Sporcle

Challenge
Share
Tweet
Embed
Score 0/24 Timer 08:00
0 Plays Today
Chart Position Song % Correct
1Shine
88.9%
1Patience
88.5%
1Back for Good
84.4%
1Relight My Fire
83.7%
1Never Forget
83.4%
1Pray
82.6%
1Babe
80.6%
2Rule the World
76.3%
1Greatest Day
74.8%
7A Million Love Songs
74.1%
1How Deep Is Your Love
69.4%
3Could it Be Magic
67.7%
Chart Position Song % Correct
1Everything Changes
65.7%
1Sure
62.5%
14Up All Night
60.7%
82Do What You Like
60.1%
7It Only Takes a Minute
57.7%
48Promises
52%
9Said it All
49.7%
3Love Ain't Here Anymore
49.5%
2Why Can't I Wake Up With You?
45.1%
15I Found Heaven
41.9%
17I'd Wait For Life
38.6%
47Once You've Tasted Love
35.6%

You're not logged in!

Compare scores with friends on all Sporcle quizzes.
Sign Up with Email
OR
Log In

You Might Also Like...

Show Comments

Extras

Top Quizzes Today


Score Distribution

Your Account Isn't Verified!

In order to create a playlist on Sporcle, you need to verify the email address you used during registration. Go to your Sporcle Settings to finish the process.